Catálogo - Centro de Recursos para el Aprendizaje y la Investigación
Volver al Sitio - CRAI Biblioteca| 000 -CABECERA | |
|---|---|
| campo de control de longitud fija | 00998nam a2200277Ia 4500 |
| 001 - NÚMERO DE CONTROL | |
| campo de control | 113309 |
| 003 - IDENTIFICADOR DEL NÚMERO DE CONTROL | |
| campo de control | DR-UNIBE |
| 005 - FECHA Y HORA DE LA ÚLTIMA TRANSACCIÓN | |
| campo de control | 20250313141208.0 |
| 008 - DATOS DE LONGITUD FIJA--INFORMACIÓN GENERAL | |
| campo de control de longitud fija | 250310b2018 xxu||||| |||| 00| 0 eng d |
| 020 ## - NÚMERO INTERNACIONAL ESTÁNDAR DEL LIBRO | |
| Número Internacional Estándar del Libro | 9781305507272 |
| 040 ## - FUENTE DE LA CATALOGACIÓN | |
| Centro catalogador/agencia de origen | BIBLIOTECA UNIBE |
| Centro/agencia transcriptor | BIBLIOTECA UNIBE |
| Normas de descripción | rda |
| 041 ## - CÓDIGO DE LENGUA | |
| Código de lengua del texto/banda sonora o título independiente | spa |
| 082 ## - NÚMERO DE LA CLASIFICACIÓN DECIMAL DEWEY | |
| Número de clasificación | 658.834 H868c 2018 |
| 100 ## - ENTRADA PRINCIPAL--NOMBRE DE PERSONA | |
| Nombre de persona | Hoyer, Wayne D |
| Fechas asociadas al nombre | autor |
| 9 (RLIN) | 193006 |
| 245 10 - MENCIÓN DE TÍTULO | |
| Título | Consumer behavior / |
| Mención de responsabilidad, etc. | Wayne D. Hoyer, Deborah J. MacInnis, Rik Pieters |
| 250 ## - MENCIÓN DE EDICIÓN | |
| Mención de edición | Séptima edición |
| 260 ## - PUBLICACIÓN, DISTRIBUCIÓN, ETC. | |
| Lugar de publicación, distribución, etc. | Boston : |
| Nombre del editor, distribuidor, etc. | Cengage Learning, |
| Fecha de publicación, distribución, etc. | 2018 |
| 300 ## - DESCRIPCIÓN FÍSICA | |
| Extensión | xviii, 525 páginas : |
| Otras características físicas | ilustrciones |
| 504 ## - NOTA DE BIBLIOGRAFÍA, ETC. | |
| Nota de bibliografía, etc. | Includes bibliographical references and index. |
| 650 #4 - PUNTO DE ACCESO ADICIONAL DE MATERIA--TÉRMINO DE MATERIA | |
| Término de materia o nombre geográfico como elemento de entrada | Estudios de mercado |
| Subdivisión geográfica | Estados Unidos |
| 9 (RLIN) | 193007 |
| 650 #4 - PUNTO DE ACCESO ADICIONAL DE MATERIA--TÉRMINO DE MATERIA | |
| Término de materia o nombre geográfico como elemento de entrada | Comportamiento del consumidor |
| Subdivisión geográfica | Estados Unidos |
| 9 (RLIN) | 193008 |
| 650 #4 - PUNTO DE ACCESO ADICIONAL DE MATERIA--TÉRMINO DE MATERIA | |
| Término de materia o nombre geográfico como elemento de entrada | Comportamiento del consumidor |
| Subdivisión geográfica | Estados Unidos |
| Subdivisión general | Estudio de casos |
| 9 (RLIN) | 193009 |
| 700 ## - PUNTO DE ACCESO ADICIONAL--NOMBRE DE PERSONA | |
| Nombre de persona | MacInnis, Deborah J. |
| Término indicativo de función/relación | autor |
| 9 (RLIN) | 193010 |
| 700 ## - PUNTO DE ACCESO ADICIONAL--NOMBRE DE PERSONA | |
| Nombre de persona | Pieters, Rik |
| Término indicativo de función/relación | autor |
| 9 (RLIN) | 192664 |
| 942 ## - ELEMENTOS DE PUNTO DE ACCESO ADICIONAL (KOHA) | |
| Tipo de ítem Koha | Libro (general) |
| Fuente del sistema de clasificación o colocación | Sistema de Clasificación Decimal Dewey |
| Estado de retiro | Estado de pérdida | Fuente del sistema de clasificación o colocación | No para préstamo | Código de colección | Localización permanente | Fecha de adquisición | Total de préstamos | Signatura topográfica completa | Código de barras | Fecha visto por última vez | Fecha del último préstamo | Número de copia | Precio válido a partir de | Tipo de ítem Koha |
|---|---|---|---|---|---|---|---|---|---|---|---|---|---|---|
| Disponible | Sistema de Clasificación Decimal Dewey | General | Biblioteca Central UNIBE | 13/03/2025 | 2 | 658.834 H868c 2018 | 250148 | 14/05/2025 | 14/05/2025 | Ej. 1 | 13/03/2025 | Libro (general) |